000 00308nam a22001457a 4500
008 230508b ||||| |||| 00| 0 eng d
020 _a9780375423727
041 _aeng
080 _a94
082 _a94GLE
100 _a28
101 _aHISTORI
245 _aTHE INFORMATION
_cGLEICK.J
942 _2udc
_cBK
999 _c59677
_d59677